Beetles, lightly toasted / (Record no. 9974)

MARC details
000 -LEADER
fixed length control field 00809nam a22002177a 4500
001 - CONTROL NUMBER
control field 9974
003 - CONTROL NUMBER IDENTIFIER
control field FISKH
005 - DATE AND TIME OF LATEST TRANSACTION
control field 20260320113616.0
008 - FIXED-LENGTH DATA ELEMENTS--GENERAL INFORMATION
fixed length control field 260320b cb ||||| |||| 00| 0 eng d
040 ## - CATALOGING SOURCE
Original cataloging agency FISKH
Language of cataloging eng
Transcribing agency FISKH
Modifying agency FISKH
050 ## - LIBRARY OF CONGRESS CALL NUMBER
Classification number PZ7 .N24 .B
082 ## - DEWEY DECIMAL CLASSIFICATION NUMBER
Classification number 420
100 ## - MAIN ENTRY--PERSONAL NAME
Personal name Naylor, Phyllis Reynolds
245 ## - TITLE STATEMENT
Title Beetles, lightly toasted /
Statement of responsibility, etc. Phyllis Reynolds Naylor
260 ## - PUBLICATION, DISTRIBUTION, ETC.
Place of publication, distribution, etc. New York :
Name of publisher, distributor, etc. A Yearling Book,
Date of publication, distribution, etc. 1987
300 ## - PHYSICAL DESCRIPTION
Extent 134 pages :
Dimensions 20 cm
520 ## - SUMMARY, ETC.
Summary, etc. Andy's entering the fifth-grade essay contest stirs his imagination to creative heights as he competes with his know-it-all cousin by making recipes with some unusual food sources and testing them on unaware friends and family.
650 ## - SUBJECT ADDED ENTRY--TOPICAL TERM
Topical term or geographic name entry element Friends and Friendship
Form subdivision Juvenile Fiction
942 ## - ADDED ENTRY ELEMENTS (KOHA)
Source of classification or shelving scheme Dewey Decimal Classification
Koha item type Books
Suppress in OPAC No
Holdings
Withdrawn status Lost status Source of classification or shelving scheme Damaged status Not for loan Collection Home library Current library Shelving location Date acquired Total Checkouts Full call number Barcode Date last seen Copy number Price effective from Koha item type
    Dewey Decimal Classification     Fiction Footprints International School Library Network Toul Tom Poung Campus Footprints International School Library Network Toul Tom Poung Campus TTP Secondary Fiction Bookshelves 03/20/2026   NAY 420 PZ7 .N24 .B FIS00731 03/20/2026 1 03/20/2026 Books